[Event "Gap op"]
[Site "Gap"]
[Date "2007.04.26"]
[Round "6"]
[White "Deleau, Denis"]
[Black "Olivier, Jean Christophe"]
[Result "0-1"]
[WhiteElo "2109"]
[BlackElo "2363"]
[PlyCount "40"]
[EventDate "2007.04.22"]
[EventType "swiss"]
[EventRounds "9"]
[EventCountry "FRA"]
[SourceTitle "EXT 2008"]
[Source "ChessBase"]
[SourceDate "2007.11.25"]
[SourceVersion "1"]
[SourceVersionDate "2007.11.25"]
[SourceQuality "1"]

1. e4 c5 2. Nf3 e6 3. c3 d5 4. exd5 Qxd5 5. d4 Nf6 6. Be2 Nc6 7. Na3 Be7 8. Nb5 Qd8 9. dxc5 Bxc5 10. Qxd8+ Kxd8 11. Bg5 Ke7 12. b4 Bb6 13. 0-0-0 a5 14. Bf4 Ne8 15. a3 axb4 16. cxb4 Bxf2 17. Rhf1 Bb6 18. Ng5 f6 19. Bd6+ Nxd6 20. Nxd6 Be3+ 0-1

[Event "FRA-chT3 Gr01 0607"]
[Site "France"]
[Date "2006.12.10"]
[Round "4.2"]
[White "Sarno, Spartaco"]
[Black "Deleau, Denis"]
[Result "1/2-1/2"]
[WhiteElo "2354"]
[BlackElo "2114"]
[PlyCount "74"]
[EventDate "2006.10.15"]
[EventType "team"]
[EventRounds "9"]
[EventCountry "FRA"]
[SourceTitle "EXT 2008"]
[Source "ChessBase"]
[SourceDate "2007.11.25"]
[SourceVersion "1"]
[SourceVersionDate "2007.11.25"]
[SourceQuality "1"]

1. Nf3 g6 2. c4 Bg7 3. Nc3 d6 4. g3 e5 5. Bg2 Nc6 6. 0-0 f5 7. d3 Nf6 8. Rb1 a5 9. a3 0-0 10. b4 axb4 11. axb4 f4 12. b5 Ne7 13. Qb3 Nh5 14. Bb2 fxg3 15. hxg3 c5 16. bxc6 bxc6 17. c5+ d5 18. Ne4 Bg4 19. Nd6 Rb8 20. Qc2 Bxf3 21. Bxf3 Nf5 22. Nxf5 Rxf5 23. Bg2 Rf7 24. Bc3 Rxb1 25. Rxb1 Qf8 26. Be1 Bh6 27. Rb6 Qc8 28. Qb2 Qe6 29. Rb8+ Kg7 30. e3 Nxg3 31. Bc3 d4 32. exd4 Qg4 33. dxe5 Qd1+ 34. Kh2 Nf1+ 35. Bxf1 Bf4+ 36. Kg1 Qg4+ 37. Bg2 Qd1+ 1/2-1/2

[Event "FRA-chT3 Gr01 0607"]
[Site "France"]
[Date "2006.11.26"]
[Round "3.2"]
[White "Buscara, Sevan"]
[Black "Deleau, Denis"]
[Result "1-0"]
[WhiteElo "2014"]
[BlackElo "2114"]
[PlyCount "106"]
[EventDate "2006.10.15"]
[EventType "team"]
[EventRounds "9"]
[EventCountry "FRA"]
[SourceTitle "EXT 2008"]
[Source "ChessBase"]
[SourceDate "2007.11.25"]
[SourceVersion "1"]
[SourceVersionDate "2007.11.25"]
[SourceQuality "1"]

1. d4 g6 2. Nf3 Bg7 3. Bf4 d6 4. e3 Nd7 5. h3 e5 6. Bh2 e4 7. Nfd2 Qe7 8. Nc3 Ngf6 9. g4 h6 10. Bg2 Nb6 11. Ndxe4 Nxe4 12. Nxe4 h5 13. Qe2 hxg4 14. hxg4 f5 15. gxf5 gxf5 16. Nc3 c6 17. 0-0-0 d5 18. Bf4 Be6 19. Rxh8+ Bxh8 20. Qh5+ Kd7 21. Bh3 Rf8 22. Rg1 Nc4 23. Nd1 Nd6 24. Bxd6 Kxd6 25. Rg6 Kc7 26. Qh6 Rf6 27. Qf4+ Kb6 28. Rg3 a5 29. Nc3 Ka7 30. Qh4 Bg7 31. Ne2 Rf7 32. Qh5 Bc8 33. Nf4 Rf6 34. Qf3 Bh6 35. Ng6 Qe8 36. Nf4 Qe7 37. Rg1 Bd7 38. Nd3 Qe4 39. Qe2 Be8 40. Kb1 Qh4 41. Qd2 b6 42. Bf1 Bh5 43. Ne5 Qe4 44. Bg2 Qh4 45. Rh1 Qg5 46. f4 Qg8 47. Rxh5 Bf8 48. Rg5 Qh7 49. a3 Be7 50. Qe2 Rh6 51. Rg3 c5 52. Qb5 Bh4 53. Rh3 Qg7 1-0

[Event "Provence-ch 0506"]
[Site "Provence"]
[Date "2006.01.07"]
[Round "4"]
[White "Jean, Claude"]
[Black "Deleau, Denis"]
[Result "1-0"]
[WhiteElo "2202"]
[BlackElo "2124"]
[PlyCount "55"]
[EventDate "2005.11.05"]
[EventType "tourn"]
[EventRounds "9"]
[EventCountry "FRA"]
[SourceTitle "EXT 2007"]
[Source "ChessBase"]
[SourceDate "2006.11.23"]
[SourceVersion "1"]
[SourceVersionDate "2006.11.23"]
[SourceQuality "1"]

1. d4 Nf6 2. c4 c5 3. e3 e6 4. Nf3 Be7 5. Nc3 d6 6. Bd3 0-0 7. 0-0 Nc6 8. b3 cxd4 9. exd4 d5 10. Bb2 a6 11. c5 Bd7 12. Rc1 Be8 13. Re1 b6 14. cxb6 Qxb6 15. Na4 Qa7 16. a3 a5 17. Nc3 Qb7 18. Rb1 Rb8 19. Bc1 Na7 20. Bg5 Rc8 21. Na2 Bb5 22. Bc2 Bxa3 23. Bxf6 gxf6 24. Re3 f5 25. Ng5 Be7 26. Qh5 Bxg5 27. Qxg5+ Kh8 28. Qf6+ 1-0

[Event "Provence-ch 0506"]
[Site "Provence"]
[Date "2005.12.10"]
[Round "3"]
[White "Deleau, Denis"]
[Black "Busson, Benoist"]
[Result "1-0"]
[WhiteElo "2124"]
[BlackElo "2089"]
[PlyCount "91"]
[EventDate "2005.11.05"]
[EventType "tourn"]
[EventRounds "9"]
[EventCountry "FRA"]
[SourceTitle "EXT 2007"]
[Source "ChessBase"]
[SourceDate "2006.11.23"]
[SourceVersion "1"]
[SourceVersionDate "2006.11.23"]
[SourceQuality "1"]

1. e4 d5 2. exd5 Qxd5 3. Nc3 Qd6 4. d4 Nf6 5. Nf3 c6 6. Ne5 Bf5 7. Bc4 e6 8. g4 Bxc2 9. Qxc2 Qxd4 10. Qe2 Bb4 11. Nxf7 0-0 12. 0-0 Rxf7 13. Rd1 Qb6 14. Qxe6 Nd5 15. Be3 Qc7 16. Nxd5 cxd5 17. Bxd5 Nc6 18. Qxf7+ Qxf7 19. Bxf7+ Kxf7 20. Rd7+ Kg8 21. Rxb7 a5 22. Rc1 Ne5 23. Rcc7 Bf8 24. h3 Rd8 25. Kg2 Ng6 26. Bc5 Nf4+ 27. Kg3 Ne6 28. Bxf8 Rd3+ 29. f3 Nxc7 30. Bxg7 Ne6 31. Bc3 Nc5 32. Rb8+ Kf7 33. Bxa5 Ne4+ 34. Kf4 Nc5 35. Rb5 Ne6+ 36. Ke4 Rd1 37. h4 h6 38. Bc3 Rh1 39. Kf5 Nd8 40. Bf6 Nc6 41. Rb7+ Ke8 42. Kg6 Rf1 43. Rc7 Nb4 44. Re7+ Kf8 45. Re6 Nd5 46. Bg7+ 1-0

[Event "Provence-ch"]
[Site "Provence"]
[Date "2003.??.??"]
[Round "5"]
[White "Deleau, Denis"]
[Black "Maruejols, Claude"]
[Result "0-1"]
[WhiteElo "2059"]
[BlackElo "2049"]
[PlyCount "72"]
[EventDate "2003.??.??"]
[EventType "tourn"]
[EventRounds "9"]
[EventCountry "FRA"]
[SourceTitle "EXT 2005"]
[Source "ChessBase"]
[SourceDate "2004.11.15"]
[SourceVersion "1"]
[SourceVersionDate "2004.11.15"]
[SourceQuality "1"]

1. e4 c5 2. Nc3 d6 3. g3 Nc6 4. Bg2 g6 5. d3 Bg7 6. Be3 e6 7. Qd2 b6 8. Nge2 Bb7 9. Nd1 Nge7 10. Bh6 0-0 11. h4 Bxh6 12. Qxh6 f6 13. Qd2 d5 14. Nf4 Qd6 15. Ne3 d4 16. Ng4 h5 17. Nh6+ Kg7 18. g4 Rh8 19. g5 fxg5 20. hxg5 Raf8 21. Rh4 e5 22. Nh3 Bc8 23. 0-0-0 Bxh3 24. Rxh3 Rf4 25. Bf3 Rhf8 26. Qe2 Qe6 27. Rdh1 Qxa2 28. Nf5+ Nxf5 29. exf5 R8xf5 30. R1h2 Nb4 31. Be4 Rxg5 32. Bxg6 Qa1+ 33. Kd2 Qxb2 34. Qd1 Qc3+ 35. Ke2 Kxg6 36. Kf1 Qxc2 0-1

[Event "Majeur-chT 0001"]
[Site "France"]
[Date "2001.??.??"]
[Round "7"]
[White "Deleau, Denis"]
[Black "Mosti, Alain"]
[Result "1-0"]
[WhiteElo "2069"]
[BlackElo "1650"]
[PlyCount "122"]
[EventDate "2000.??.??"]
[EventType "team"]
[EventRounds "9"]
[EventCountry "FRA"]
[SourceTitle "EXT 2005"]
[Source "ChessBase"]
[SourceDate "2004.11.15"]
[SourceVersion "1"]
[SourceVersionDate "2004.11.15"]
[SourceQuality "1"]

1. e4 c5 2. c3 d5 3. exd5 Qxd5 4. d4 cxd4 5. Nf3 Nc6 6. cxd4 e6 7. Nc3 Qa5 8. Bc4 Nf6 9. 0-0 Be7 10. d5 exd5 11. Nxd5 Nxd5 12. Bxd5 0-0 13. Qb3 Qb4 14. Be3 Qxb3 15. axb3 a6 16. Bb6 Bg4 17. Rfe1 Bf6 18. Re2 Ne5 19. Re3 Bxf3 20. gxf3 Nc6 21. Rae1 Bxb2 22. f4 Bf6 23. Bf3 a5 24. Kg2 a4 25. bxa4 Rxa4 26. Bxc6 bxc6 27. Bc5 g6 28. Bxf8 Kxf8 29. Re8+ Kg7 30. Rc8 Rxf4 31. Rxc6 Rg4+ 32. Kf3 Rg5 33. Re4 Rf5+ 34. Kg2 Rg5+ 35. Kf3 Rf5+ 36. Rf4 Rxf4+ 37. Kxf4 Bd4 38. f3 h6 39. Ke4 Bg1 40. h3 g5 41. Kf5 Be3 42. Rc2 Bd4 43. Rc4 Bb2 44. Rg4 Kf8 45. h4 gxh4 46. Rxh4 Kg7 47. Rb4 Ba1 48. Rb6 Bd4 49. Rd6 Ba1 50. f4 Bb2 51. Kg4 Ba1 52. Kh5 Bb2 53. f5 f6 54. Rd7+ Kf8 55. Kxh6 Ke8 56. Rb7 Be5 57. Kg7 Bd4 58. Rb4 Bc3 59. Re4+ Kd7 60. Re6 Bb2 61. Kf7 Be5 1-0

[Event "Cannes op"]
[Site "Cannes"]
[Date "2000.02.21"]
[Round "2"]
[White "Deleau, Denis"]
[Black "Rosenfeld, Imre"]
[Result "1/2-1/2"]
[WhiteElo "2107"]
[BlackElo "2017"]
[PlyCount "62"]
[EventDate "2000.02.20"]
[EventType "swiss"]
[EventRounds "9"]
[EventCountry "FRA"]
[SourceTitle "EXT 2001"]
[Source "ChessBase"]
[SourceDate "2000.11.22"]
[SourceVersion "1"]
[SourceVersionDate "2000.11.22"]
[SourceQuality "1"]

1. e4 e6 2. d4 d5 3. e5 c5 4. c3 Qb6 5. Nf3 Bd7 6. Be2 Bb5 7. 0-0 Nc6 8. dxc5 Bxc5 9. b4 Bxe2 10. Qxe2 Bf8 11. Be3 Qc7 12. Nbd2 Nge7 13. Rac1 Ng6 14. Bd4 Be7 15. b5 Nxd4 16. cxd4 Qd7 17. Nb3 b6 18. Rc2 0-0 19. a4 Rfc8 20. Rfc1 Ba3 21. Rxc8+ Rxc8 22. Rc2 Rc7 23. Ne1 Qc8 24. Rxc7 Qxc7 25. Qc2 Qc4 26. Qxc4 dxc4 27. Na1 Nf4 28. Nac2 Bb2 29. Kf1 Nd5 30. Ne3 Bxd4 31. Nxc4 Nc3 1/2-1/2

[Event "Majeur-chT 0001"]
[Site "France"]
[Date "2000.??.??"]
[Round "3"]
[White "Deleau, Denis"]
[Black "Busson, Benoist"]
[Result "1/2-1/2"]
[WhiteElo "2069"]
[BlackElo "2000"]
[PlyCount "80"]
[EventDate "2000.??.??"]
[EventType "team"]
[EventRounds "9"]
[EventCountry "FRA"]
[SourceTitle "EXT 2005"]
[Source "ChessBase"]
[SourceDate "2004.11.15"]
[SourceVersion "1"]
[SourceVersionDate "2004.11.15"]
[SourceQuality "1"]

1. e4 d5 2. exd5 Nf6 3. d4 Bg4 4. f3 Bf5 5. g4 Bc8 6. c4 h6 7. Nc3 e6 8. dxe6 Bxe6 9. d5 Bc8 10. Be3 Nbd7 11. Qe2 Be7 12. 0-0-0 0-0 13. h4 Re8 14. Qd2 Bc5 15. Bxc5 Nxc5 16. g5 Nh5 17. gxh6 g6 18. Nge2 Qf6 19. Bg2 Bf5 20. Qd4 Qxd4 21. Rxd4 Re3 22. Kd2 Rae8 23. b4 Rd3+ 24. Rxd3 Nxd3 25. a3 Nb2 26. c5 Nc4+ 27. Ke1 Nxa3 28. Kf2 Nc2 29. b5 Nb4 30. Ne4 Nd3+ 31. Ke3 Nxc5 32. Rc1 b6 33. Ra1 Nf6 34. N2c3 Bxe4 35. fxe4 Ncxe4 36. Bxe4 Nxe4 37. Nxe4 f5 38. Ra4 Kh7 39. Rxa7 Rxe4+ 40. Kd3 Kxh6 1/2-1/2

[Event "Provence-ch Principal 9900"]
[Site "France"]
[Date "1999.??.??"]
[Round "3"]
[White "Busson, Benoist"]
[Black "Deleau, Denis"]
[Result "1/2-1/2"]
[WhiteElo "2010"]
[BlackElo "2112"]
[PlyCount "60"]
[EventDate "1999.??.??"]
[EventType "tourn"]
[EventRounds "9"]
[EventCountry "FRA"]
[SourceTitle "EXT 2005"]
[Source "ChessBase"]
[SourceDate "2004.11.15"]
[SourceVersion "1"]
[SourceVersionDate "2004.11.15"]
[SourceQuality "1"]

1. d4 g6 2. e4 c6 3. Nc3 Bg7 4. Nf3 d6 5. Bc4 b5 6. Nxb5 d5 7. exd5 cxb5 8. Bxb5+ Bd7 9. Bxd7+ Nxd7 10. 0-0 Ngf6 11. c4 0-0 12. Re1 Nb6 13. b3 Re8 14. Ba3 Rc8 15. Ne5 Qc7 16. Qf3 h5 17. Re2 Qb7 18. Rae1 Rc7 19. Nc6 Bf8 20. Qxf6 exf6 21. Rxe8 Nd7 22. Bxf8 Nxf8 23. Rb8 Qa6 24. Ree8 f5 25. Rxf8+ Kg7 26. Rg8+ Kf6 27. h4 Qxa2 28. d6 Qb1+ 29. Kh2 Qe4 30. dxc7 Qf4+ 1/2-1/2

[Event "Provence-ch Majeur op 9899"]
[Site "France"]
[Date "1998.??.??"]
[Round "3"]
[White "Deleau, Denis"]
[Black "Bon, Michael"]
[Result "1-0"]
[WhiteElo "2050"]
[BlackElo "2120"]
[PlyCount "85"]
[EventDate "1998.??.??"]
[EventType "swiss"]
[EventRounds "9"]
[EventCountry "FRA"]
[SourceTitle "EXT 2005"]
[Source "ChessBase"]
[SourceDate "2004.11.15"]
[SourceVersion "1"]
[SourceVersionDate "2004.11.15"]
[SourceQuality "1"]

1. e4 c5 2. c3 Nf6 3. e5 Nd5 4. d4 cxd4 5. Nf3 e6 6. cxd4 Nc6 7. a3 d6 8. Bd3 Be7 9. 0-0 g5 10. exd6 Bf6 11. Nc3 g4 12. Nxd5 exd5 13. Re1+ Be6 14. Ne5 Qb6 15. Nxf7 Kxf7 16. Rxe6 Kxe6 17. Qxg4+ Kf7 18. Qd7+ Ne7 19. dxe7 Rae8 20. Qxd5+ Qe6 21. Qxe6+ Kxe6 22. Be3 Kxe7 23. Rc1 Rc8 24. Rxc8 Rxc8 25. Kf1 h6 26. Ke2 Bg7 27. Be4 b6 28. Kd3 Rc7 29. g4 Kf6 30. f4 Bf8 31. h4 Bd6 32. g5+ Kg7 33. f5 Bg3 34. gxh6+ Kh8 35. Bg5 Rd7 36. Ke3 Bh2 37. f6 Bg1+ 38. Kf4 Bxd4 39. Bg6 Bxb2 40. f7 Rxf7+ 41. Bxf7 Bxa3 42. Bf6+ Kh7 43. Kg5 1-0